Latex processing wastewater treatment by struvite precipitation and biological method /
Saved in:
| Main Author: | |
|---|---|
| Format: | Thesis Book |
| Language: | English |
| Published: |
2011.
|
| Subjects: | |
| Tags: |
Add Tag
No Tags, Be the first to tag this record!
|
| LEADER | 01119cam a2200277 a 4500 | ||
|---|---|---|---|
| 001 | u831277 | ||
| 003 | SIRSI | ||
| 005 | 201106141103 | ||
| 008 | 110614s2011 my a t 000 0 eng m | ||
| 040 | |a UMM |u MJ | ||
| 090 | |a TP7 |b UM 2011 See | ||
| 097 | |a TP7 |b UM 2011 See | ||
| 100 | 1 | |a See, Jian. | |
| 245 | 1 | 0 | |a Latex processing wastewater treatment by struvite precipitation and biological method / |c See Jian. |
| 260 | |c 2011. | ||
| 300 | |a [2] xii, 89 leaves : |b ill. ; |c 30 cm. | ||
| 502 | |a Dissertation (M.Eng.Sc.) -- Jabatan Kejuruteraan Kimia, Fakulti Kejuruteraan, Universiti Malaya, 2011. | ||
| 504 | |a Bibliography: leaves 78-87. | ||
| 650 | 0 | |a Rubber industry and trade |z Malaysia. | |
| 650 | 0 | |a Water |x Purification |x Materials. | |
| 650 | 0 | |a Sewage |x Purification |x Biological treatment. | |
| 710 | 2 | |a Universiti Malaya. |b Jabatan Kejuruteraan Kimia. | |
| 900 | |a NHS | ||
| 596 | |a 1 7 | ||
| 999 | |a TP7 UM 2011 SEE |w LC |c 1 |i A514710732 |d 14/5/2012 |f 14/5/2012 |g 1 |l STACKS |m P01UTAMA |r Y |s Y |t TESIS |u 10/5/2012 | ||
| 999 | |a TP7 UM 2011 SEE |w LC |c 1 |i A514902009 |d 17/7/2013 |f 17/7/2013 |g 1 |l STACKS |m P07JURUTER |r Y |s Y |t TESIS |u 17/7/2013 | ||
